[Event "Ct. Catalunya eq DH"]
[Site "?"]
[Date "2013.02.23"]
[Round "6.2"]
[White "Lacasa Diaz, JA."]
[Black "Cuadras Avellana, J."]
[Result "0-1"]
[WhiteElo "2451"]
[BlackElo "2388"]
[PlyCount "74"]
[EventDate "2013.??.??"]
[EventType "tourn"]
[EventRounds "11"]

1. e4 c5 2. Nf3 e6 3. Nc3 Nc6 4. Bb5 Nd4 5. O-O a6 6. Bd3 Ne7 7. Nxd4 cxd4 8.
Ne2 Nc6 9. c3 Bc5 10. b4 Ba7 11. cxd4 d5 12. Bb2 O-O 13. Qb3 dxe4 14. Bxe4 Qh4
15. Bxc6 bxc6 16. Qc3 Qh6 17. Qe3 Qh5 18. Nf4 Qf5 19. Qe5 Qc2 20. Nh5 Qg6 21.
Nf4 Qc2 22. Nh5 Qg6 23. Ng3 Rb8 24. Bc3 Rb5 25. Qe4 f5 26. Qd3 Rd5 27. Ne2 e5
28. Qc4 f4 29. dxe5 f3 30. Ng3 Be6 31. Qe4 fxg2 32. Qxg2 Rd3 33. Rae1 Rdf3 34.
Re3 Bxe3 35. fxe3 Rxf1+ 36. Nxf1 Bc4 37. Ng3 Qb1+ 0-1

[Event "Ct. Catalunya eq DH"]
[Site "?"]
[Date "2013.02.23"]
[Round "6.2"]
[White "Norwood, D."]
[Black "Felgaer Ziegler, R."]
[Result "1/2-1/2"]
[WhiteElo "2511"]
[BlackElo "2587"]
[PlyCount "60"]
[EventDate "2013.??.??"]
[EventType "tourn"]
[EventRounds "11"]

1. g3 e5 2. c4 Nf6 3. Bg2 d5 4. cxd5 Nxd5 5. Nc3 Nb6 6. Nf3 Nc6 7. O-O Be7 8.
d3 O-O 9. a3 Be6 10. b4 Nd4 11. Nd2 c6 12. Rb1 Qd7 13. Nde4 Nd5 14. Bb2 Bg4 15.
Re1 Rad8 16. Nxd5 cxd5 17. Bxd4 exd4 18. Nc5 Qc6 19. Rc1 Bg5 20. f4 Bh6 21. Qa4
Qxa4 22. Nxa4 b6 23. Rc7 Rd7 24. Rec1 g5 25. Bf3 Be6 26. Rxd7 Bxd7 27. Nb2 gxf4
28. Rc7 Be6 29. Rxa7 fxg3 30. hxg3 b5 1/2-1/2

[Event "Ct. Catalunya eq DH"]
[Site "?"]
[Date "2013.02.23"]
[Round "6.2"]
[White "Torrecillas Martinez, A."]
[Black "Moskalenko, V."]
[Result "0-1"]
[WhiteElo "2407"]
[BlackElo "2531"]
[PlyCount "86"]
[EventDate "2013.??.??"]
[EventType "tourn"]
[EventRounds "11"]

1. e4 d6 2. d4 Nf6 3. Nc3 g6 4. Be3 a6 5. Qd2 b5 6. f3 Nbd7 7. g4 h6 8. h4 Bg7
9. Nge2 Nb6 10. Ng3 h5 11. g5 Nfd7 12. b3 O-O 13. a4 bxa4 14. Nxa4 c5 15. c3
Nxa4 16. Rxa4 Rb8 17. Ra3 Qc7 18. Kf2 Bb7 19. Be2 cxd4 20. cxd4 Rfc8 21. Rb1
Ra8 22. Rba1 Qb6 23. R1a2 d5 24. exd5 Qd6 25. Ra5 Nb6 26. Bxa6 Rxa6 27. Rxa6
Qxd5 28. Rxb6 Qxf3+ 29. Ke1 Qxg3+ 30. Bf2 Qh3 31. Rb5 Qh1+ 32. Ke2 Bf3+ 33. Kd3
Qf1+ 34. Ke3 Qxb5 35. Kxf3 Qxb3+ 36. Kg2 Qd5+ 37. Kg1 Rd8 38. Ra4 Qe4 39. Kh2
e5 40. Ra7 exd4 41. Bg3 Qf5 42. Qe1 d3 43. Qe7 Qd5 0-1

[Event "Ct. Catalunya eq DH"]
[Site "?"]
[Date "2013.02.23"]
[Round "6.3"]
[White "Alonso Moyano, J."]
[Black "Lorenzo de la Riva, L."]
[Result "0-1"]
[WhiteElo "2480"]
[BlackElo "2513"]
[PlyCount "92"]
[EventDate "2013.??.??"]
[EventType "tourn"]
[EventRounds "11"]

1. e4 c5 2. Nc3 e6 3. g3 d5 4. exd5 exd5 5. Bg2 Nf6 6. d3 d4 7. Nce2 Nc6 8. Nf3
Be7 9. O-O O-O 10. Re1 h6 11. Nd2 Re8 12. Nc4 Bf8 13. Bd2 Bf5 14. h3 Nd5 15. a4
Qd7 16. Kh2 Rad8 17. g4 Be6 18. Ng3 Nb6 19. Nxb6 axb6 20. Qf3 Bd6 21. Kg1 Bxg3
22. Qxg3 Bd5 23. g5 h5 24. g6 Bxg2 25. gxf7+ Qxf7 26. Kxg2 Rf8 27. Re4 Rd5 28.
Bg5 Rf5 29. f4 Nb4 30. c4 h4 31. Bxh4 Qh5 32. Bg5 Nc2 33. Rc1 Ne3+ 34. Rxe3
dxe3 35. Qxe3 Re8 36. Qg3 Qe2+ 37. Qf2 Qxd3 38. Rc3 Qd7 39. b3 Rf7 40. Kg3 Qe6
41. Rf3 Rd7 42. h4 Qe4 43. a5 bxa5 44. Qxc5 Rd3 45. Rxd3 Qxd3+ 46. Kg4 Qe2+ 0-1

[Event "Ct. Catalunya eq DH"]
[Site "?"]
[Date "2013.02.23"]
[Round "6.3"]
[White "Cruz Sanchez, C."]
[Black "Granados Gomez, M."]
[Result "1/2-1/2"]
[WhiteElo "2505"]
[BlackElo "2430"]
[PlyCount "87"]
[EventDate "2013.??.??"]
[EventType "tourn"]
[EventRounds "11"]

1. Nf3 d5 2. e3 Nf6 3. c4 e6 4. d4 Be7 5. Nc3 O-O 6. Bd3 b6 7. O-O Bb7 8. Qe2
Nbd7 9. Rd1 Ne4 10. Bd2 f5 11. Rac1 a6 12. a3 Bd6 13. b4 c6 14. Be1 b5 15. c5
Bc7 16. a4 Nxc3 17. Bxc3 Qe7 18. Ra1 e5 19. dxe5 Nxe5 20. Nxe5 Bxe5 21. Qb2
Bxc3 22. Qxc3 g6 23. g3 Rac8 24. Bf1 Rc7 25. Rd4 Bc8 26. Bg2 Be6 27. Bf3 Qg7
28. axb5 axb5 29. Ra6 g5 30. Qd2 Qe5 31. Bd1 f4 32. exf4 gxf4 33. Rxf4 Rxf4 34.
Qxf4 Qxf4 35. gxf4 Bh3 36. Ra3 Rg7+ 37. Rg3 Bf5 38. Rxg7+ Kxg7 39. Bh5 Kf6 40.
f3 Bg6 41. Bg4 Bf5 42. Bh5 Bg6 43. Bg4 Bf5 44. Bh5 1/2-1/2

[Event "Ct. Catalunya eq DH"]
[Site "?"]
[Date "2013.02.23"]
[Round "6.3"]
[White "Dominguez Pons, E."]
[Black "Delorme, Axel"]
[Result "1/2-1/2"]
[WhiteElo "2371"]
[BlackElo "2471"]
[PlyCount "89"]
[EventDate "2013.??.??"]
[EventType "tourn"]
[EventRounds "11"]

1. d4 d5 2. c4 e6 3. Nc3 Nf6 4. cxd5 exd5 5. Bg5 c6 6. Qc2 Be7 7. e3 Nbd7 8.
Bd3 O-O 9. Nge2 Re8 10. O-O Nf8 11. f3 Qa5 12. a3 Be6 13. Kh1 Rac8 14. b4 Qd8
15. Na4 b6 16. Nf4 Bd7 17. Bh4 Bd6 18. Rae1 Bxf4 19. exf4 Rxe1 20. Rxe1 Ng6 21.
Bg5 h6 22. f5 hxg5 23. fxg6 fxg6 24. Bxg6 Qc7 25. Bf5 Re8 26. Rxe8+ Bxe8 27. g3
Qe7 28. Kg2 Qe3 29. Qd3 Qc1 30. Qc3 Qd1 31. Nb2 Qe2+ 32. Kg1 g4 33. fxg4 g6 34.
g5 gxf5 35. gxf6 Bh5 36. Qc1 Kf7 37. Qh6 Qe1+ 38. Kg2 Qe2+ 39. Kg1 Qe1+ 40. Kg2
Qe4+ 41. Kh3 Bg4+ 42. Kh4 Bf3+ 43. Qf4 Kxf6 44. Nd3 Qxd3 45. Qd6+ 1/2-1/2

[Event "Ct. Catalunya eq DH"]
[Site "?"]
[Date "2013.02.23"]
[Round "6.3"]
[White "Lillo Castany, V."]
[Black "Fernandez Aguado, E."]
[Result "1/2-1/2"]
[WhiteElo "2359"]
[BlackElo "2419"]
[PlyCount "98"]
[EventDate "2013.??.??"]
[EventType "tourn"]
[EventRounds "11"]

1. e4 e5 2. Nf3 Nc6 3. d4 exd4 4. Nxd4 Bb4+ 5. c3 Bc5 6. Be3 Bb6 7. Qg4 Qf6 8.
Qg3 Nxd4 9. cxd4 Ne7 10. Nc3 Qg6 11. Qh4 d5 12. exd5 Qc2 13. Bb5+ c6 14. Rc1
Qxb2 15. dxc6 bxc6 16. Bxc6+ Nxc6 17. Qe4+ Ne7 18. Qxa8 Bxd4 19. Nd1 Qb4+ 20.
Bd2 Qb7 21. Qxb7 Bxb7 22. O-O Bd5 23. a3 Kd7 24. Be3 Bb6 25. Bxb6 axb6 26. Ne3
Ra8 27. Rfd1 Ke6 28. Rc3 g6 29. f3 Ra5 30. Kf2 h5 31. Rb1 b5 32. Ke1 Ba2 33.
Rb4 Nd5 34. Nxd5 Bxd5 35. Kd2 Bc4 36. Ke3 Kd5 37. Rb1 Kc5 38. Rd1 Ra6 39. Rd4
f5 40. Rd2 g5 41. Kf2 h4 42. f4 g4 43. Rd8 Ra7 44. Rh8 Kd4 45. Re3 Bd5 46. Rd8
Kc4 47. Rc8+ Kd4 48. Rd8 Kc4 49. Rc8+ Kd4 1/2-1/2

[Event "Ct. Catalunya eq DH"]
[Site "?"]
[Date "2013.02.23"]
[Round "6.3"]
[White "Muñoz Pantoja, M."]
[Black "Prie, E."]
[Result "1/2-1/2"]
[WhiteElo "2517"]
[BlackElo "2470"]
[PlyCount "97"]
[EventDate "2013.??.??"]
[EventType "tourn"]
[EventRounds "11"]

1. e4 d5 2. exd5 Qxd5 3. Nf3 Bg4 4. Be2 Nc6 5. d4 O-O-O 6. Be3 e5 7. c4 Qa5+ 8.
Bd2 Qa6 9. d5 Bxf3 10. Bxf3 Nd4 11. b3 Qg6 12. O-O Nf6 13. Nc3 Bd6 14. Re1 Rhe8
15. Be4 Nxe4 16. Nxe4 Be7 17. Bc3 f5 18. Nd2 Bf6 19. Bxd4 exd4 20. Qf3 Bg5 21.
Nf1 Qf6 22. Rad1 g6 23. Qd3 c5 24. dxc6 Qxc6 25. Rxe8 Qxe8 26. Nd2 Bxd2 27.
Qxd2 d3 28. Qe3 Qxe3 29. fxe3 Kc7 30. Kf2 Kb6 31. b4 a5 32. a3 g5 33. g3 h5 34.
h4 g4 35. Ke1 Kc6 36. Kd2 b5 37. c5 axb4 38. axb4 Kd5 39. Kxd3 Ra8 40. Rc1 Ra3+
41. Rc3 Ra6 42. Rc2 Ra3+ 43. Ke2 Ra6 44. Kd2 Kc6 45. Rc1 Ra2+ 46. Kd3 Ra3+ 47.
Kd2 Ra2+ 48. Kd3 Ra3+ 49. Kd2 1/2-1/2

[Event "Ct. Catalunya eq DH"]
[Site "?"]
[Date "2013.02.23"]
[Round "6.4"]
[White "Lopez Martinez, JM."]
[Black "Herraiz Hidalgo, H."]
[Result "1-0"]
[WhiteElo "2538"]
[BlackElo "2499"]
[PlyCount "99"]
[EventDate "2013.??.??"]
[EventType "tourn"]
[EventRounds "11"]

1. e4 c5 2. Nf3 Nc6 3. d4 cxd4 4. Nxd4 g6 5. Nc3 Bg7 6. Be3 Nf6 7. Bc4 Qa5 8.
O-O O-O 9. Nb3 Qc7 10. Bg5 a6 11. Re1 b5 12. Bf1 e6 13. Qd2 b4 14. Na4 d5 15.
Bxf6 Bxf6 16. exd5 Rd8 17. c4 exd5 18. cxd5 Ne7 19. Rac1 Qd6 20. Nbc5 Qxd5 21.
Qxb4 Qd6 22. Rcd1 Nd5 23. Qb3 Kg7 24. Ne4 Qb4 25. Nxf6 Qxb3 26. axb3 Kxf6 27.
Nb6 Be6 28. Nxa8 Rxa8 29. Bc4 Nc7 30. Rd6 Ra7 31. Rb6 Ke7 32. h3 h5 33. Bxe6
fxe6 34. Kh2 Kf6 35. Ra1 Ra8 36. Rc6 Ra7 37. Rd1 Ke7 38. Rd4 Rb7 39. Rd3 Nd5
40. Rg3 Nf4 41. Rxa6 Rc7 42. Rc3 Rd7 43. Rac6 Rd1 44. Rc1 Rd2 45. R1c2 Rd1 46.
b4 Nd5 47. Re2 Nxb4 48. Rcxe6+ Kf7 49. Rb6 Nd5 50. Rd6 1-0

[Event "Ct. Catalunya eq DH"]
[Site "?"]
[Date "2013.02.23"]
[Round "6.4"]
[White "Rodriguez Cespedes, A."]
[Black "Bergez, L."]
[Result "1/2-1/2"]
[WhiteElo "2472"]
[BlackElo "2418"]
[PlyCount "57"]
[EventDate "2013.??.??"]
[EventType "tourn"]
[EventRounds "11"]

1. e4 c6 2. d4 d5 3. Nd2 dxe4 4. Nxe4 Nf6 5. Nxf6+ gxf6 6. Bc4 Bf5 7. Ne2 e6 8.
O-O Nd7 9. Bb3 Bd6 10. Bf4 Bxf4 11. Nxf4 Qc7 12. Qf3 O-O-O 13. c4 c5 14. d5 Ne5
15. Qc3 Ng4 16. g3 h5 17. h4 e5 18. Ng2 Bd7 19. Rae1 Nh6 20. Bc2 Kb8 21. f4
Rde8 22. fxe5 fxe5 23. Rf6 Bh3 24. Qf3 Qa5 25. Qc3 Qc7 26. Qf3 Qa5 27. Qc3 Qc7
28. Ne3 Qd8 29. Rf2 1/2-1/2

[Event "Ct. Catalunya eq DH"]
[Site "?"]
[Date "2013.02.23"]
[Round "6.4"]
[White "Simonet Pons, M."]
[Black "Baron Isanta, JM."]
[Result "1/2-1/2"]
[WhiteElo "2354"]
[BlackElo "2414"]
[PlyCount "49"]
[EventDate "2013.??.??"]
[EventType "tourn"]
[EventRounds "11"]

1. d4 d6 2. Nf3 g6 3. c4 Bg7 4. e4 Bg4 5. Be2 Nc6 6. Be3 e5 7. d5 Bxf3 8. Bxf3
Nd4 9. Bxd4 exd4 10. O-O Ne7 11. Nd2 c5 12. Be2 O-O 13. Bd3 f5 14. exf5 Nxf5
15. Qg4 Rb8 16. g3 Nh6 17. Qe6+ Nf7 18. Rfe1 a6 19. h4 Re8 20. Qxe8+ Qxe8 21.
Rxe8+ Rxe8 22. Nf3 Ne5 23. Nxe5 Rxe5 24. a3 Bh6 25. Kf1 1/2-1/2

[Event "Ct. Catalunya eq DH"]
[Site "?"]
[Date "2013.02.23"]
[Round "6.5"]
[White "Castelltort Fernandez, A."]
[Black "Asis Gargatagli, H."]
[Result "0-1"]
[WhiteElo "2348"]
[BlackElo "2513"]
[PlyCount "186"]
[EventDate "2013.??.??"]
[EventType "tourn"]
[EventRounds "11"]

1. d4 Nf6 2. Nf3 e6 3. e3 c5 4. Bd3 Nc6 5. O-O d5 6. b3 Be7 7. Bb2 O-O 8. Nbd2
Rb8 9. a3 b5 10. dxc5 Bxc5 11. b4 Be7 12. Nd4 Nxd4 13. exd4 Ne8 14. Qe2 Nd6 15.
c3 Nc4 16. Nxc4 dxc4 17. Be4 a5 18. Bc1 Bd6 19. Qh5 g6 20. Qh6 Bb7 21. Bxb7
Rxb7 22. Bf4 Bxf4 23. Qxf4 Rd7 24. Rae1 Rd5 25. Re3 Kg7 26. Rfe1 Qf6 27. Qxf6+
Kxf6 28. g3 axb4 29. axb4 Ra8 30. Re5 Rxe5 31. Rxe5 Ra3 32. Rxb5 Rxc3 33. Rc5
Rc1+ 34. Kg2 c3 35. b5 Rb1 36. Rxc3 Rxb5 37. Rf3+ Ke7 38. Rc3 Kd6 39. Kf3 h5
40. h4 f6 41. Ke4 Rb2 42. Rf3 Ke7 43. Rf4 Rb3 44. Rf3 Rb2 45. Ke3 f5 46. Rf4
Kd6 47. Kd3 Kd5 48. Kc3 Ra2 49. Kd3 Ra3+ 50. Kd2 Kc4 51. Ke2 Rc3 52. d5+ Kxd5
53. Ra4 Rc2+ 54. Ke3 e5 55. Ra5+ Kd6 56. Ra3 Rc6 57. Rd3+ Ke6 58. Ra3 Kf6 59.
Ra8 Rc3+ 60. Ke2 f4 61. gxf4 exf4 62. Rf8+ Ke5 63. f3 Re3+ 64. Kf2 Ra3 65. Ke2
Ra6 66. Re8+ Re6 67. Ra8 Kf5+ 68. Kf2 Rb6 69. Ra5+ Kf6 70. Ra2 g5 71. hxg5+
Kxg5 72. Kg2 Kh4 73. Rc2 Rg6+ 74. Kh2 Rg3 75. Rf2 Kg5 76. Rf1 h4 77. Rf2 h3 78.
Kh1 Kh4 79. Kh2 Rg8 80. Rb2 Ra8 81. Rf2 Ra3 82. Kg1 Kg3 83. Rg2+ Kxf3 84. Rg8
Ra1+ 85. Kh2 Ke2 86. Rb8 Kf2 87. Rc8 Ra2 88. Re8 f3 89. Kxh3 Ra7 90. Rb8 Rh7+
91. Kg4 Kg2 92. Rg8 f2 93. Kf4+ Kh2 0-1

[Event "Ct. Catalunya eq DH"]
[Site "?"]
[Date "2013.02.23"]
[Round "6.5"]
[White "Grafl, F."]
[Black "Panelo Muñoz, MA."]
[Result "0-1"]
[WhiteElo "2416"]
[BlackElo "2468"]
[PlyCount "60"]
[EventDate "2013.??.??"]
[EventType "tourn"]
[EventRounds "11"]

1. Nc3 Nf6 2. g4 Nxg4 3. e4 d5 4. Nxd5 c6 5. Ne3 Nxe3 6. fxe3 e5 7. Qh5 Nd7 8.
Nf3 g6 9. Qh3 Bd6 10. d3 Nc5 11. Qg3 Qe7 12. h4 Bd7 13. b3 f5 14. Nd2 f4 15.
exf4 exf4 16. Qf2 Bg4 17. Be2 Bxe2 18. Kxe2 Be5 19. d4 O-O-O 20. dxe5 Qxe5 21.
Bb2 f3+ 22. Nxf3 Qxe4+ 23. Kf1 Rhf8 24. Rh3 Qf5 25. Kg2 Ne4 26. Qe3 Qg4+ 27.
Kh2 Rxf3 28. Rxf3 Rd2+ 29. Qxd2 Nxd2 30. Rd3 Nf3+ 0-1

[Event "Ct. Catalunya eq DH"]
[Site "?"]
[Date "2013.02.23"]
[Round "6.5"]
[White "Gual Pascual, A."]
[Black "Ryan, J."]
[Result "1-0"]
[WhiteElo "2480"]
[BlackElo "2363"]
[PlyCount "79"]
[EventDate "2013.??.??"]
[EventType "tourn"]
[EventRounds "11"]

1. d4 Nf6 2. c4 e6 3. Nf3 d5 4. Nc3 Bb4 5. e3 O-O 6. Bd3 Nc6 7. O-O a6 8. Qe2
h6 9. Rd1 Qe7 10. e4 Bxc3 11. bxc3 dxe4 12. Bxe4 Nxe4 13. Qxe4 Re8 14. Bf4 e5
15. Nxe5 Nxe5 16. Qxe5 Qxe5 17. Bxe5 c6 18. c5 f6 19. Bd6 Be6 20. Rdb1 Ra7 21.
Rb2 Bc4 22. h3 a5 23. a4 Kf7 24. Rab1 Ba6 25. Kh2 Raa8 26. Rc1 Re4 27. f3 Re3
28. Bf4 Rd3 29. Bc7 Re8 30. Bxa5 Ree3 31. c4 Ra3 32. d5 Rxa4 33. Bc7 Rxc4 34.
Rxc4 Bxc4 35. d6 Be6 36. Rxb7 Bd7 37. Bb6 Ke6 38. Ra7 f5 39. g4 g6 40. Kg3 1-0

[Event "Ct. Catalunya eq DH"]
[Site "?"]
[Date "2013.02.23"]
[Round "6.5"]
[White "Hernando Rodrigo, J."]
[Black "Pham Guerrero, S."]
[Result "1/2-1/2"]
[WhiteElo "2380"]
[BlackElo "2295"]
[PlyCount "53"]
[EventDate "2013.??.??"]
[EventType "tourn"]
[EventRounds "11"]

1. d4 Nf6 2. c4 c5 3. e3 g6 4. Nf3 Bg7 5. Be2 O-O 6. O-O cxd4 7. exd4 d5 8.
cxd5 Nxd5 9. Nc3 Nc6 10. h3 Qa5 11. Qb3 Be6 12. Qxb7 Nxd4 13. Nxd4 Bxd4 14.
Nxd5 Bxd5 15. Qa6 Qxa6 16. Bxa6 Rab8 17. Bg5 e5 18. a4 Rxb2 19. Rac1 Kg7 20.
Bc4 Be4 21. Be7 Rc8 22. Bh4 Rxc4 23. Rxc4 Bd3 24. Rxd4 exd4 25. Rd1 Bc2 26.
Rxd4 Ra2 27. Rd6 1/2-1/2

[Event "Ct. Catalunya eq DH"]
[Site "?"]
[Date "2013.02.23"]
[Round "6.6"]
[White "Garrido Fernandez, D."]
[Black "Bofill Mas, A."]
[Result "0-1"]
[WhiteElo "2370"]
[BlackElo "2350"]
[PlyCount "76"]
[EventDate "2013.??.??"]
[EventType "tourn"]
[EventRounds "11"]

1. e4 c5 2. Nf3 d6 3. c3 Nf6 4. h3 g6 5. Bd3 Bg7 6. Bc2 O-O 7. d4 Nc6 8. O-O b6
9. d5 Ne5 10. Nxe5 dxe5 11. f4 exf4 12. Bxf4 e6 13. Bg5 h6 14. Bxf6 Bxf6 15.
Nd2 exd5 16. exd5 Bg7 17. Be4 Ba6 18. Rf2 f5 19. Bf3 Qd6 20. Qa4 b5 21. Qb3 c4
22. Qc2 Bb7 23. Rd1 Rad8 24. a4 a6 25. axb5 axb5 26. b3 Qc5 27. bxc4 bxc4 28.
d6 Bxf3 29. Nxf3 Rxd6 30. Rxd6 Qxd6 31. Rd2 Qb6+ 32. Kh1 Ra8 33. Rd1 Qe3 34.
Qb2 Qxc3 35. Qb7 Ra1 36. Qd5+ Kh7 37. Rxa1 Qxa1+ 38. Kh2 c3 0-1

[Event "Ct. Catalunya eq DH"]
[Site "?"]
[Date "2013.02.23"]
[Round "6.6"]
[White "Iglesias, J."]
[Black "Perez Mañas, B."]
[Result "0-1"]
[WhiteElo "2407"]
[BlackElo "2381"]
[PlyCount "60"]
[EventDate "2013.??.??"]
[EventType "tourn"]
[EventRounds "11"]

1. d4 d5 2. c4 Nc6 3. Nc3 dxc4 4. Nf3 Nf6 5. Bg5 Bg4 6. d5 Bxf3 7. exf3 Ne5 8.
Qd4 Nd3+ 9. Bxd3 cxd3 10. O-O Qd7 11. Rfe1 c6 12. Bxf6 gxf6 13. Rad1 Bg7 14.
Rxd3 O-O 15. dxc6 Qxd4 16. Rxd4 bxc6 17. Rxe7 f5 18. Rdd7 Bf6 19. Re1 Rfd8 20.
Rc7 Rd2 21. Rxc6 Bd4 22. Rb1 Rd8 23. h4 Rxf2 24. Kh2 Be5+ 25. Kh3 Rdd2 26. Rg1
Kf8 27. Rc8+ Ke7 28. f4 Bxf4 29. Rc5 Rxg2 30. Re1+ Kf8 0-1

[Event "Ct. Catalunya eq DH"]
[Site "?"]
[Date "2013.02.23"]
[Round "6.6"]
[White "Jose Queralto, D."]
[Black "Raineri de Luca, P."]
[Result "1/2-1/2"]
[WhiteElo "2287"]
[BlackElo "2377"]
[PlyCount "70"]
[EventDate "2013.??.??"]
[EventType "tourn"]
[EventRounds "11"]

1. e4 c6 2. Nc3 d5 3. Nf3 Bg4 4. h3 Bxf3 5. Qxf3 Nf6 6. d3 e6 7. g3 Bb4 8. Bd2
Qb6 9. O-O-O Bxc3 10. Bxc3 d4 11. Bd2 Nbd7 12. c4 Nc5 13. Qe2 a5 14. Bf4 a4 15.
a3 Nb3+ 16. Kb1 Qc5 17. Bd2 b5 18. Bb4 Qb6 19. e5 c5 20. Bxc5 Qxc5 21. exf6
gxf6 22. Qf3 Ke7 23. Qb7+ Kd6 24. Qxf7 Rhf8 25. Qxh7 b4 26. Bg2 Rab8 27. Rhe1
Rfe8 28. axb4 Rxb4 29. Qf7 Re7 30. Qxf6 Na5 31. Rxe6+ Rxe6 32. Qf8+ Re7 33.
Qd8+ Rd7 34. Qf8+ Re7 35. Qd8+ Rd7 1/2-1/2

[Event "Ct. Catalunya eq DH"]
[Site "?"]
[Date "2013.02.23"]
[Round "6.6"]
[White "Pardo Simon, D."]
[Black "Travesset Ribera, J."]
[Result "1-0"]
[WhiteElo "2418"]
[BlackElo "2324"]
[PlyCount "57"]
[EventDate "2013.??.??"]
[EventType "tourn"]
[EventRounds "11"]

1. e4 d5 2. exd5 Nf6 3. Be2 Nxd5 4. d4 g6 5. Nf3 Bg7 6. O-O O-O 7. Re1 Nc6 8.
c3 Bg4 9. Na3 Qd7 10. h3 Bxf3 11. Bxf3 e6 12. Nc4 h6 13. a4 Rad8 14. Qb3 a5 15.
Bd2 b6 16. Rad1 Kh7 17. Bc1 Rfe8 18. Ne5 Bxe5 19. dxe5 Qe7 20. Qc4 Nb8 21. Bxd5
exd5 22. Rxd5 Rxd5 23. Qxd5 Nd7 24. Qd2 Nxe5 25. Qxh6+ Kg8 26. Kh1 Qf8 27.
Qxf8+ Kxf8 28. Bh6+ Kg8 29. f4 1-0

[Event "Ct. Catalunya eq DH"]
[Site "?"]
[Date "2013.02.23"]
[Round "6.6"]
[White "Rojas Keim, LA."]
[Black "Vidarte Morales, A."]
[Result "1-0"]
[WhiteElo "2456"]
[BlackElo "2412"]
[PlyCount "155"]
[EventDate "2013.??.??"]
[EventType "tourn"]
[EventRounds "11"]

1. d4 f5 2. Bg5 g6 3. h4 Bg7 4. Nc3 d5 5. h5 h6 6. Bf4 g5 7. Bh2 c6 8. e3 Nf6
9. Nf3 Nbd7 10. Ne5 Nxe5 11. Bxe5 O-O 12. Bd3 Ne4 13. Bxg7 Kxg7 14. Ne2 Qd6 15.
c3 b6 16. Qc2 e6 17. f3 Ng3 18. Nxg3 Qxg3+ 19. Qf2 Qd6 20. O-O-O Bd7 21. Qe2
Rae8 22. Bc2 e5 23. dxe5 Qxe5 24. Rhe1 Re7 25. Qd3 Kh8 26. c4 dxc4 27. Qxc4 Be6
28. Qxc6 Rc8 29. Qd6 Qxd6 30. Rxd6 Rec7 31. Rxe6 Rxc2+ 32. Kb1 Rxg2 33. Rxh6+
Kg7 34. Rg6+ Kf7 35. Rc1 Rxc1+ 36. Kxc1 Rg3 37. Kd2 Rxf3 38. Rxg5 Rf2+ 39. Kc3
Kf6 40. Rg6+ Ke5 41. Rg7 Rh2 42. Re7+ Kd5 43. Rxa7 Rxh5 44. Ra4 Rh3 45. Kd3 Rh2
46. Rb4 Kc5 47. a3 Rg2 48. Rc4+ Kd5 49. Rc2 Rg3 50. Rf2 Ke5 51. Rf4 Rh3 52. Rb4
Kd5 53. Rb5+ Kc6 54. Rxf5 Rh2 55. Kc3 Re2 56. Re5 Kd6 57. Re8 Kd7 58. Re4 Kd6
59. a4 Kc5 60. Re8 Kd5 61. b3 Kc5 62. Rc8+ Kd6 63. Kd3 Re1 64. Kd2 Rh1 65. Rc4
Rb1 66. Kc3 Re1 67. e4 Re3+ 68. Kb4 Kd7 69. Rd4+ Kc6 70. Kc4 Re1 71. b4 Rc1+
72. Kd3 Rd1+ 73. Ke3 Ra1 74. Kf4 Rf1+ 75. Ke5 Ra1 76. Kf6 Rf1+ 77. Ke6 Ra1 78.
e5 1-0

[Event "Ct. Catalunya eq DH"]
[Site "?"]
[Date "2013.02.23"]
[Round "6.7"]
[White "Escandell Mari, JC."]
[Black "Garcia Paolicchi, R."]
[Result "1/2-1/2"]
[WhiteElo "2366"]
[BlackElo "2271"]
[PlyCount "60"]
[EventDate "2013.??.??"]
[EventType "tourn"]
[EventRounds "11"]

1. e4 c5 2. Nf3 Nc6 3. Bb5 Qb6 4. Nc3 e6 5. O-O Nge7 6. a4 a6 7. Bc4 Ng6 8. d3
Be7 9. Ne2 O-O 10. d4 cxd4 11. Nfxd4 Qc7 12. Ba2 b6 13. c3 Bb7 14. f3 Na5 15.
Be3 Nc4 16. Bxc4 Qxc4 17. b3 Qc7 18. c4 Bd6 19. h3 Nf4 20. Nxf4 Bxf4 21. Bxf4
Qxf4 22. Re1 Rfe8 23. Rc1 d5 24. exd5 exd5 25. Rxe8+ Rxe8 26. c5 bxc5 27. Rxc5
Qg3 28. Ne2 Qe5 29. Nd4 Qg3 30. Ne2 Qe5 1/2-1/2

[Event "Ct. Catalunya eq DH"]
[Site "?"]
[Date "2013.02.23"]
[Round "6.7"]
[White "Garcia Jimenez, FJ."]
[Black "Jose Abril, R."]
[Result "0-1"]
[WhiteElo "2342"]
[BlackElo "2397"]
[PlyCount "88"]
[EventDate "2013.??.??"]
[EventType "tourn"]
[EventRounds "11"]

1. e4 c5 2. Nc3 Nc6 3. g3 g6 4. Bg2 Bg7 5. d3 d6 6. Nge2 Rb8 7. a4 a6 8. O-O b5
9. axb5 axb5 10. f4 Nd4 11. Nxd4 cxd4 12. Ne2 Qb6 13. Bd2 b4 14. Kh1 Nf6 15.
Ra4 Qc5 16. c3 dxc3 17. bxc3 bxc3 18. Bxc3 Bg4 19. Rc4 Qh5 20. Qa4+ Bd7 21. Qa7
O-O 22. Bxf6 Bxf6 23. Qxd7 Qxe2 24. e5 Rb2 25. Rg1 dxe5 26. Re4 Qf2 27. fxe5
Bg5 28. Qh3 Rfb8 29. Ree1 h5 30. Rgf1 Qd4 31. g4 Qxg4 32. Qxg4 hxg4 33. Re4
R8b4 34. d4 e6 35. Rxg4 Bh6 36. h4 Rd2 37. h5 Rdxd4 38. Rxd4 Rxd4 39. hxg6 Rh4+
40. Bh3 Rxh3+ 41. Kg2 Rh5 42. gxf7+ Kf8 43. Rf6 Ke7 44. Kf3 Rf5+ 0-1

[Event "Ct. Catalunya eq DH"]
[Site "?"]
[Date "2013.02.23"]
[Round "6.7"]
[White "Ramirez Garcia, JA."]
[Black "Llaneza Vega, P."]
[Result "1/2-1/2"]
[WhiteElo "2284"]
[BlackElo "2320"]
[PlyCount "92"]
[EventDate "2013.??.??"]
[EventType "tourn"]
[EventRounds "11"]

1. e4 c5 2. c3 d5 3. exd5 Qxd5 4. d4 Nc6 5. dxc5 Qxd1+ 6. Kxd1 e5 7. b4 a5 8.
Bb5 Bf5 9. Nf3 O-O-O+ 10. Ke1 Nf6 11. Bg5 Re8 12. Bxf6 gxf6 13. a3 Rd8 14. Nbd2
e4 15. Nh4 Bh6 16. Nc4 Be6 17. Nd6+ Kc7 18. Rd1 axb4 19. cxb4 Bg5 20. Bxc6 bxc6
21. Nhf5 Bxf5 22. Nxf5 Rd3 23. Rxd3 exd3 24. Ne3 Ra8 25. h4 Bxe3 26. fxe3 Rxa3
27. Kd2 Kd7 28. Rf1 Ke7 29. g3 Rb3 30. Rf4 Ke6 31. Re4+ Kf5 32. Re7 Rxb4 33.
Kxd3 h5 34. Rxf7 Rb3+ 35. Kd4 Rb4+ 36. Kc3 Re4 37. Kd3 Re5 38. Kd4 Re4+ 39. Kd3
Re5 40. Rh7 Kg6 41. Rh8 Rxc5 42. Kd4 Rd5+ 43. Ke4 Re5+ 44. Kf4 Rf5+ 45. Ke4
Re5+ 46. Kd4 Rd5+ 1/2-1/2

[Event "Ct. Catalunya eq DH"]
[Site "?"]
[Date "2013.02.23"]
[Round "6.7"]
[White "Serra Pages, J."]
[Black "Draghici Flutor, G."]
[Result "0-1"]
[WhiteElo "2284"]
[BlackElo "2207"]
[PlyCount "74"]
[EventDate "2013.??.??"]
[EventType "tourn"]
[EventRounds "11"]

1. d4 d5 2. c4 dxc4 3. e3 Nf6 4. Nf3 Bg4 5. Bxc4 e6 6. Qb3 Bxf3 7. gxf3 Nbd7 8.
Qxb7 c5 9. dxc5 Bxc5 10. O-O Rb8 11. Qa6 O-O 12. Nc3 Rb4 13. a3 Nb8 14. axb4
Nxa6 15. bxc5 Nxc5 16. Rxa7 Qb6 17. Ra3 Qc6 18. Be2 Rb8 19. e4 Nfd7 20. Rd1 h6
21. Rd4 Nb3 22. Rc4 Qd6 23. Nb5 Rxb5 24. Rc8+ Kh7 25. Bxb5 Qd1+ 26. Kg2 Ne5 27.
Be2 Qxe2 28. Rxb3 Nd3 29. Be3 Ne1+ 30. Kg1 Nxf3+ 31. Kg2 Nh4+ 32. Kg3 g5 33.
Ba7 Qf1 34. Kg4 Qd1+ 35. Kg3 Qxb3+ 36. Rc3 Qxb2 37. Bd4 Kg6 0-1

[Event "Ct. Catalunya eq DH"]
[Site "?"]
[Date "2013.02.23"]
[Round "6.7"]
[White "Vehi Bach, VM."]
[Black "Perpinya Rofes, LM."]
[Result "1/2-1/2"]
[WhiteElo "2370"]
[BlackElo "2439"]
[PlyCount "83"]
[EventDate "2013.??.??"]
[EventType "tourn"]
[EventRounds "11"]

1. e4 c5 2. Nf3 Nc6 3. d4 cxd4 4. Nxd4 g6 5. c4 Bg7 6. Be3 Nf6 7. Nc3 O-O 8.
Be2 d6 9. O-O Bd7 10. Qd2 Nxd4 11. Bxd4 Bc6 12. Bd3 a5 13. Rae1 a4 14. Nd5 Nd7
15. Bxg7 Kxg7 16. Re3 e5 17. Rh3 h5 18. Nc3 Nc5 19. Rd1 Ne6 20. Bf1 Qa5 21. Re3
Rfd8 22. h4 Qc5 23. Kh2 Ra6 24. Nd5 Nd4 25. Nb4 Ra7 26. Nd3 Qb6 27. Qc3 Qc7 28.
Ne1 b6 29. Nc2 Ne6 30. g3 Bb7 31. Kg1 Raa8 32. b3 axb3 33. axb3 b5 34. Ra1 Rxa1
35. Qxa1 Nc5 36. Qe1 bxc4 37. Bxc4 Nxe4 38. Rxe4 d5 39. Rxe5 dxc4 40. Qc3 Kg8
41. bxc4 Qc6 42. f3 1/2-1/2